00632 2200205 4500001002100000008004100021035002000062245011300082100002400195250001000219260004700229300003200276020002200308084001400330520002500344082000800369650002700377990001100404990001100415INLIS000000000015175 ind  a0010-1222000254 aMenjahit Itu Mudah : Cara simple belajar menjahit untuk pemulacLinda Sri Setiasih;penyunting; Tim Hiputindo aLINDA, Sri Setiasih acet.2 aYogyakarta :bHijaz Pustaka Mandiri,c2021 aiii,133 hlm.: ilus.c24 cm. a978-602-5790-12-6 a746 LIN m aBibliografi.:hlm 133 a746 aSENI TEKSTIL, MENJAHIT a9814 a a9814 b